| 000 | 00618nam a2200169 i 4500 | ||
|---|---|---|---|
| 001 | 57595 | ||
| 003 | ES-MaACL | ||
| 005 | 20230906163616.0 | ||
| 007 | t| | ||
| 008 | 031017s1969 sp ||||1| spa d | ||
| 100 | 1 |
_aDrudis Baldrich, Raimundo. _945680 |
|
| 245 | 1 | 0 |
_aOposiciones a ingreso en el Magisterio Nacional _b: contestaciones al temario y pruebas objetivas / _cdirección y supervisión por Drudis Baldrich. |
| 260 |
_aMadrid : _bEurolibro, _c1969. |
||
| 300 |
_a256 p. ; _c27 cm. |
||
| 610 | 2 | 4 |
_aCuerpo de Magisterio Nacional Primario- _vContestaciones para oposiciones. _9171658 |
| 852 |
_aES-MaACL _jC-36391 |
||
| 999 |
_c57595 _d57595 |
||